000
00245nam a2200085Ia 4500
008
170617s9999 xx 000 0 und d
100
_a
Hadkar- U.B
245
2
_a
A Hand book of Practical Physical Pharmacy & Practical Phy. Pharmaceutics
260
_b
Nirali Pub
260
_c
2008
999
_c
15300
_d
15300